Missing Word: Bond Girls and Villains Quiz Stats

 Plays Quiz Updated May 8, 2018

Also try: Missing Word: 007
Challenge
Share
Tweet
Embed
Score 0/20 Timer 02:00
0 Plays Today
Film Missing Word % Correct
GoldfingerPussy
92.8%
GoldfingerGoldfinger
70.2%
You Only Live TwiceBlofeld
68.4%
Dr. NoHoney
60.4%
Dr. NoNo
59.6%
MoonrakerHolly
57.8%
Casino RoyaleVesper
52.8%
The World is Not EnoughChristmas
46.4%
Quantum of SolaceStrawberry
44.8%
MoonrakerDrax
41.6%
Film Missing Word % Correct
The Man with the Golden GunScaramanga
37.9%
Tomorrow Never DiesCarver
35.2%
The World is Not EnoughElektra
32.4%
A View to a KillZorin
32%
Die Another DayGraves
30.2%
Die Another DayMoon
27.5%
SkyfallSilva
24.6%
Tomorrow Never DiesParis
17.3%
The Man with the Golden GunAndrea
13.2%
Never Say Never AgainDomino
11.5%

Today's Daily Dose

Word Ladder
Anchorman

Get the Picture
'Head' Bands

You're not logged in!

Compare scores with friends on all Sporcle quizzes.
OR
Log In

You Might Also Like...

Show Comments

Extras

Top Quizzes Today


Score Distribution

Your Account Isn't Verified!

In order to create a playlist on Sporcle, you need to verify the email address you used during registration. Go to your Sporcle Settings to finish the process.

Report this User

Report this user for behavior that violates our Community Guidelines.

Details: